Statistics for Stephen Curry Trivia

Click here to take the quiz!

General Stats

  • This quiz has been taken 3,578 times
  • The average score is 10 of 16

Answer Stats

QuestionAnswer% Correct
What is his brother's nameSeth Curry
91%
What is his father's nameWardell "Dell" Curry
90%
What year was he drafted into the NBA2009
89%
What team does he play forGolden State Warriors
89%
How tall is he6'3"
88%
What number draft pick was he7
85%
Who is the other half of the Splash BrothersKlay Thompson
82%
What college did he play forDavidson
81%
What is his first daughter's nameRiley Curry
68%
What is his wife's nameAyesha Curry
67%
Where was he bornAkron, Ohio
48%
What is his second daughter's nameRyan Curry
36%
What is his sister's nameSydel Curry
31%
What is his mother's nameSonya Curry
30%
Where did he grow upCharlotte, North Carolina
26%
When is his birthdayMarch 14, 1988
22%

Score Distribution

Percentile by Number Answered

Percent of People with Each Score

Your Score History

You have not taken this quiz